| 000 | 00512cam a2200205ua 4500 | ||
|---|---|---|---|
| 001 | 1390 | ||
| 008 | 110708n ii |||gr||||Z||||||eng | ||
| 020 | _a81-7339-046-0 | ||
| 040 | _cMAIN | ||
| 082 | _a350 | ||
| 100 |
_aGogoi, Purandar, _eAuthor. |
||
| 245 | 1 |
_aLoka prakashan parichay _cby Purandar Gogoi |
|
| 250 | _a4th. | ||
| 260 |
_a[s.l]: _bBanalata,995. |
||
| 300 |
_a196p: _c23cm. |
||
| 653 | _aPolitical Science | ||
| 653 | _aPublic administration | ||
| 653 | _aloka prakashan parichay | ||
| 942 | _cBK | ||
| 999 |
_c1285 _d1285 |
||